FUNDAMENTALS OF NURSING FOR GNM STUDENTS (Record no. 8187)

MARC details
000 -LEADER
fixed length control field 00344nam a22001457a 4500
003 - CONTROL NUMBER IDENTIFIER
control field SGT
020 ## - INTERNATIONAL STANDARD BOOK NUMBER
International Standard Book Number 978-93-81390-32-0
082 ## - DEWEY DECIMAL CLASSIFICATION NUMBER
Classification number 610.73
Item number F15K
100 ## - MAIN ENTRY--PERSONAL NAME
Personal name KAUR, MANINDER
245 ## - TITLE STATEMENT
Title FUNDAMENTALS OF NURSING FOR GNM STUDENTS
250 ## - EDITION STATEMENT
Edition statement 1ST
260 ## - PUBLICATION, DISTRIBUTION, ETC. (IMPRINT)
Place of publication, distribution, etc JALANDHAR , INDIA
Name of publisher, distributor, etc PEE-VEE PUB.
Year of Publication 2015
300 ## - PAGE DESCRIPTION
No. of Pages 592
942 ## - ADDED ENTRY ELEMENTS (KOHA)
Source of classification or shelving scheme Dewey Decimal Classification
Koha item type Books
942 ## - ADDED ENTRY ELEMENTS (KOHA)
-- 13
Holdings
Withdrawn status Lost status Source of classification or shelving scheme Damaged status Not for loan Collection code Home library Current library Shelving location Date acquired Cost, normal purchase price SGTU Total Checkouts Full call number Accession No. (Barcode) Checked out Date last seen Date last borrowed Bill Date Koha item type
    Dewey Decimal Classification     NURSING SGT Medical Library SGT Medical Library Reference Book 23/12/2015 725.00 SGTU 32 610.73 F15K FN3000 02/06/2026 19/05/2026 19/05/2026 23/12/2015 Books